Footballeurs par description. #2 - Statistiques

Statistiques générales
  • Ce quiz a été pris 182 fois
  • Le résultat moyen est 12 sur 15
Statistiques - réponses
Descriptions Footballeurs % Correct
Je suis un joueur argentin. Durant ma carrière, j'ai tout gagné, et ce, dans les plus grands clubs européens (Réal Madrid, PSG, Juventus). Je suis un ailier très sous côté car mon pied gauche magique m'a permis d'être un passeur et un buteur efficace. Mon principal fait d'arme a été durant la campagne victorieuse de mon pays lors de la Coupe du Monde 2022, car lors de la finale je marque un but et provoque un pénalty. Je suis... Angel Di Maria
94%
Je suis un milieu de terrain hyper complet. Ballon d'or en 2018, c'est au Réal Madrid que j'ai passé la majorité de ma carrière. Beaucoup de monde me compare avec Andrés Iniesta, joueur du club rival. J'ai emmené la Croatie en finale de la Coupe du Monde 2018, lors d'une épopée insensée. Je suis... Luka Modric
93%
J'ai passé une très grande partie de ma carrière à Tottenham, club pour lequel j'ai brillé aux côtés de Heung Min Son. Malheureusement, ma soif de titres m'a poussé à signer dans un club plus prestigieux, le Bayern Munich pour lequel j'empile les buts actuellement. Attaquant sous côté, je fais partie des meilleurs numéro 9 depuis près de 10 ans. Je suis... Harry Kane
92%
Défenseur droit ou défenseur central, je suis l'un des artisans majeurs de la victoire de mon pays durant la Coupe du Monde 1998. Bien que très peu habile face aux cages, j'ai marqué un doublé du pied gauche lors de la demi-finale face à la Croatie, alors que mon pays était malmené par l'équipe de Suker. Mes deux enfants Marcus et Képhren jouent désormais tous les deux au haut niveau. Je suis... Lilian Thuram
92%
En tant que milieu offensif ou attaquant, j'ai brillé du côté des Red Devils dans les années 2000-2010. Très précoce, je me fais notamment remarquer lors de l'Euro 2004 avec l'Angleterre. Malgré l'élimination face au Portugal de mon coéquipier Cristiano Ronaldo, je commence à empiler les buts en Premier League. Petit joueur trapu, je suis... Wayne Rooney
92%
Je suis un attaquant sud-américain. Légende incontestable du Paris Saint-Germain, j'ai formé une doublette d'attaquants assez prolifique en sélection avec mon compatriote Suarez. Parfois maladroit devant le but, j'ai néanmoins marqué de mon empreinte le championnat de France. Je suis... Edinson Cavani
91%
Gardien contesté, j'ai pourtant eu une carrière plus qu'exceptionnelle. Titulaire au Réal Madrid durant la période des galactiques, j'ai tenu mon rang dans le meilleur club du monde pendant plus de 15 ans. Gardien mythique du triplé espagnol au tournant des années 2010, j'ai fini ma carrière au FC Porto, à plus de 35 ans. Je suis... Iker Casillas
89%
Je suis un milieu de terrain ayant également longtemps évolué dans le championnat de France. J'ai joué dans la meilleur équipe française des années 2000. Une facette de mon jeu m'est très caractéristique. Si je ne suis peut-être pas un joueur ayant le niveau des autres joueurs de ce quiz, mes coups francs fantastiques font partie de ma légende. Je suis… Juninho Pernambucano
87%
Milieu de terrain, j'ai également évolué au poste de défenseur central lorsque j'évoluai au FC Barcelone. C'est néanmoins à Manchester City que j'ai atteint mon prime avec des stats d'attaquant alors que j'évoluai plus bas sur le terrain. J'ai remporté la Coupe d'Afrique des Nations en 2015 avec la Côte d'Ivoire. Je suis... Yaya Touré
87%
Mon surnom de "Bomber" parle pour moi. Je suis une machine à marquer. J'ai principalement évolué dans les années 1970, décennie durant laquelle je remporte la Coupe du Monde et la Ligue des champions, cette dernière plusieurs fois. Vous l'avez compris, je suis un attaquant ayant évolué au Bayern Munich, aux côtés de Beckenbauer et de Maier. Meilleur buteur de l'histoire de mon club, je suis... Gerd Muller
83%
Je suis un attaquant néerlandais ayant brillé dans les années 1980-1990. J'ai glané trois ballons d'or au cours de ma courte carrière. J'ai formé une triplette légendaire avec mes compatriotes Gullit et Rijkaard. Je suis notamment l'auteur d'un but d'anthologie durant l'Euro 1988, que je remporte avec mon pays, me permettant par ailleurs de soulever mon premier ballon d'or. Je suis... Marco Van Basten
83%
Gardien spectaculaire, je suis la première légende à mon poste. mon surnom est "l'araignée noire", car je faisais des arrêts dans chaque angle de la cage. J'ai notamment permis à mon pays de remporter le premier euro de l'histoire, en 1960. Seul gardien de but ayant remporté le ballon d'or, en 1963. Je suis... Lev Yachine
77%
Dribbleur hors pair, je suis le premier brésilien a posséder une telle classe dans mes dribbles. Je me caractérise par le fait que j'ai une jambe plus petite que l'autre, ce qui a surement fait ma force sur le terrain. Victorieux avec le Brésil lors des épopées de 1958 et 1962 mais quelque peu dans l'ombre de Pelé. Je suis... Garrincha
68%
Je suis un milieu de terrain offensif ayant principalement évolué dans les années 2000. J'ai remporté la Ligue des Champions en 1995 avec les jeunes joueurs de l'Ajax Amsterdam. Mes cuisses énormes laissent penser que le physique était ma principale qualité, cependant je possédais une technique impressionnante. Ayant évolué dans le Grand Milan des années 2000. Je suis... Clarence Seedorf
57%
Milieu offensif danois, j'ai évolué au FC Barcelone dans les années 1990. Mon pays remporte l'Euro 1992, mais malheureusement, je n'ai pas participé à cette folle épopée. Mon frère Brian a cependant mené l'offensive de mon pays lors de cette compétition. Je suis... Michael Laudrup
55%
Aucun quiz correspondant
Distribution des résultats
% des personnes avec chaque résultat
Percentile par nombre de réponses
Votre historique - résultats
Vous n’avez pas pris ce quiz